01602cam a2200361 i 450000100090000000300040000900500170001300800410003001000170007102000180008802000150010603500200012104000270014104200080016805000140017606000100019008200150020010000260021524501510024125000120039226400460040430000270045033600210047733700250049833800230052350400510054650505120059765000370110965000310114665500140117770000290119170000200122020655358OSt20230411141914.0180830s2019 pau bf 001 0 eng  a 2013041055 a9780803630413 a0803630417 a(DNLM)101733238 aDNLM/DLCcLCerdadDLC apcc00aRT49.D64 10aWY 4900a610.732231 aDoenges, Marilynn E.,10aNursing care plans:guidelines for individualizing client care across the life span. /cMarilynn E. Doenges, Mary Frances Moorhouse, Alice C. Murr. a9th ed. 1aPhiladelphia:bF.A. Davis Company,c2010. axxxii, 951 p. ;c28 cm atext2rdacontent aunmediated2rdamedia avolume2rdacarrier aIncludes bibliographical references and index. aContents: Issues and trends in nursing and healthcare delivery -- The Nursing process: planning care using nursing diagnosis -- Critical thinking: adaptation of theory to practice -- Cardiovascular -- Respiratory -- Neurological/sensory disorders -- Gastrointestinal disorders -- Metabolic and endocrine disorders -- Diseases of the blood/blood-forming organs -- Renal and urinary tract -- Women's reproductive -- Orthopedic -- Integumentary -- Systemic infections and immunological disorders -- General -- 12aPatient Care Planning2Handbooks22aNursing Process2Handbooks 2aHandbooks1 aMoorhouse, Mary Frances,1 aMurr, Alice C.,